000 00791nam a2200241Ia 4500
001 1478
003 GE_BSU
008 181216s||||||||xx |||||||||||||| ||und||
020 _a5895680488
040 _cGE_BSU
080 _a681.3.06(075.8)
245 _aMathcad 6.0 Руководство пользователя. Mathcad Plus6.0
245 _bФинансовые и научные расчеты в среде Windows 95.
260 _aМосква
260 _bФилинь
260 _c1997
300 _a712с.
541 _h20л.
653 _aMathcad 6.0 Руководство пользователя. Mathcad Plus6.0
653 _aინფორმატიკა
653 _aსაინფორმაციო ტექნოლოგიები
942 _cBK
999 _c35612
_d35612